• 首页
  • 本馆介绍
  • 公告通知
  • 最新文献
  • 馆藏检索
  • 电子资源
  • 读者导购
  • 参考咨询
  • 我的图书馆
  • 登录
  • 详细信息显示
  • 放入我的书架
  • 预约/预借图书
  • 作者相关作品
  • 分类相关作品
  • 丛书相关作品
  • 出版社相关作品

书目信息

  • 表格格式
  • 工作单格式
  • 卡片格式
题名:
庐山山地常见药用植物原色图谱
    
 
作者: 汪乐原 主编
分册:  
出版信息: 北京   中国医药科技出版社  2014.11
页数: 208页
开本: 21cm
丛书名:
单 册:
中图分类: Q949.95-64
科图分类:
主题词:
电子资源:
ISBN: 978-7-5067-7041-5
000 00893nam0 2200229 450
001 0109110245
005 20201109110341.0
010    @a978-7-5067-7041-5@dCNY33.00
100    @a20150120e20192014em y0chiy50 ea
101 0  @achi
102    @aCN@b110000
105    @aa z 001yy
106    @ar
200 1  @a庐山山地常见药用植物原色图谱@Alu shan shan di chang jian yao yong zhi wu yuan se tu pu@f汪乐原主编
210    @a北京@c中国医药科技出版社@d2014.11@h2019.12
215    @a208页@d21cm
330    @a本书收载了庐山山地390种(含种下等级)药用植物,为每种植物配有至少1张原色照片,还为每种植物配有对其形态特征、入药部位及功效的文字介绍。此外,本书对各植物所属的科之形态特征作了介绍。
607    @a庐山@Alu shan@x山地@x野生植物@x药用植物@j图谱
690    @aQ949.95-64@v5
701  0 @a汪乐原@Awang le yuan@f(1955~)@4主编
801  0 @aCN@bBJSZM@c20201103
905    @b1241971-4@dQ949.95-64@e473@f4
    
    庐山山地常见药用植物原色图谱/汪乐原主编.-北京:中国医药科技出版社,2014.11(2019.12)
    208页;21cm
    
    
    ISBN 978-7-5067-7041-5:CNY33.00
    本书收载了庐山山地390种(含种下等级)药用植物,为每种植物配有至少1张原色照片,还为每种植物配有对其形态特征、入药部位及功效的文字介绍。此外,本书对各植物所属的科之形态特征作了介绍。
●
相关链接 在E读中查询图书 在五车中查询图书 在当当中查询图书 在豆瓣中查询图书


正题名:庐山山地常见药用植物原色图谱     索取号:Q949.95-64/473         预约/预借

序号 登录号 条形码 馆藏地/架位号 状态 备注
1 1241971   212419710   第二样本阅览室/ [索取号:Q949.95-64/473] 在馆    
2 1241972   212419729   第三借阅区/ [索取号:Q949.95-64/473] 在馆    
3 1241973   212419738   第三借阅区/ [索取号:Q949.95-64/473] 在馆    
4 1241974   212419747   第三借阅区/ [索取号:Q949.95-64/473] 在馆    
唐山师范学院图书馆 欢迎您!
大连网信软件有限公司© 版权所有